000 00632nam a22001817a 4500
005 20240314095711.0
008 130821s1960 ck gr spa
040 _aCo-BoUCM
_bspa
_cDavid Moreno (modificó)
_dDavid Moreno (modificó)
041 0 0 _aspa
100 1 _aCastro Silva, José Vicente
_d1885-1968
_964582
245 1 0 _aMemorandum de metafisica
_cMonseñor José Vicente Castro Silva
260 _aBogotá (Colombia)
_bEdiciones Rosaristas
_c1960
300 _a78 páginas
650 0 4 _aFilosofía
_975
650 0 4 _aMetafísica
_919397
942 _cLIBRO
_a2
_e1
_mC355m
_n0
_2DEWEY
_h110
999 _c87297
_d87297